00641nam a22002177a 450000500170000001000110001702000100002803500110003803700160004904000120006508200160007710000170009324500930011026000420020327000550024530000250030050000520032565000130037765000140039070000190040420170124105946.0 a677843 c35.00 a677843 bCen Lib/Ret aDPLbEN a220.21bKAE aKaegi, Adolf aThe Rigveda :cby Adolf Kaegi [and] R. Arrowsmith bthe oldest literature of the indians aNew Delhi bAmarko Book Agency c1972 aB-42, amar colony, lajpat nagarbNew Delhie110024 avi,198p. :c21cm(Hb) aIncludes bibliographical references and index  aHinduism aRigvedas  aArrowsmith, R.